Pride & prejudice / (Record no. 109501)
[ view plain ]
| 000 -LEADER | |
|---|---|
| fixed length control field | 00328nam a2200133 a 4500 |
| 005 - DATE AND TIME OF LATEST TRANSACTION | |
| control field | 20140414093844.0 |
| 008 - FIXED-LENGTH DATA ELEMENTS--GENERAL INFORMATION | |
| fixed length control field | 090924s19uu xx 00 eng d |
| 050 ## - LIBRARY OF CONGRESS CALL NUMBER | |
| Classification number | DVD 791.43 |
| Item number | PRI 2005 |
| 100 ## - MAIN ENTRY--PERSONAL NAME | |
| Personal name | Wright, Joe |
| 245 ## - TITLE STATEMENT | |
| Title | Pride & prejudice / |
| Statement of responsibility, etc | Joe Wright. |
| 650 ## - SUBJECT ADDED ENTRY--TOPICAL TERM | |
| Topical term or geographic name as entry element | Motion picture. |
| 942 ## - ADDED ENTRY ELEMENTS (KOHA) | |
| Koha item type | Audio Visual Materials |
| Withdrawn status | Lost status | Damaged status | Use restrictions | Home library | Current library | Shelving location | Date acquired | Source of acquisition | Cost, normal purchase price | Total Checkouts | Full call number | Barcode | Date last seen | Price effective from | Koha item type |
|---|---|---|---|---|---|---|---|---|---|---|---|---|---|---|---|
| Luxembourg Library | Luxembourg Library | Audio Visual Material Section | 09/24/2009 | 450.00 | DVD 791.43 PRI 2005 | AV1151 | 04/14/2014 | 04/14/2014 | Audio Visual Materials |